000 00434nam a2200181Ia 4500
001 11580
005 20260306162838.0
008 260306t2016||||xx |||||||||||||| ||spa||
041 _aESP
082 _a985.4
_bF89
100 _aFuentes Pastor, Hélard André
_eAUT
245 0 _aHistoria del cementerio general de La Apacheta
260 _c2016
300 _a
_c
650 _aGEN
654 _aCHU
942 _cLIB
_dJUS
_fJUS
_2ddc
_n
999 _c11580
_d11580